MDQL
is popping MORE tags! Check the
thread
!
Quizzes
Events
Quiz Creation
Community
Videos
Private Events
Remove Ads
Sign In
Join for FREE
Feedback
Dark Mode
Quiz Categories
Sports
Geography
Music
Movies
Television
Just For Fun
Miscellaneous
History
Literature
Language
Science
Gaming
Entertainment
Religion
Holiday
For Kids
Quiz Lab
Recent
Popular Today
Quiz Kudos Today
Editor Picks
Curator Picks
Quizzes by...
Day
Popularity
Type
Ratings
Length
Year
Community
Subscriptions
Recent Discussions
Orange Saloon
Badges
Playlists
Quests
Create
Leaderboards
Showdown
Live 5
Trivia Bingo
Activity
Puzzle Library
Sporcle Events
Private Events
Virtual Trivia
Globe League
Become a Host
Pub Owners
SporcleCon
Opinionation
Our Games
Videos
Blog
Mobile Apps
Partnerships
Remove Ads and Go Orange
Feedback
Literature
Harry Potter
A Song of Ice and Fire
The Hunger Games
Literary Character
Shakespeare
Book
Author
Novel
Poem
Young Adult
Children's Books
Play
Lord of the Rings
Literature
Harry Potter
A Song of Ice and Fire
The Hunger Games
Literary Character
Shakespeare
Book
Author
Novel
Poem
Young Adult
Children's Books
Play
Lord of the Rings
Random Quiz
Search Sporcle
×
Quiz Lab
Quiz Lab
Literature
Quote
Select answers by clicking on text or image buttons
Select answers by clicking on text or image buttons
Clickable
Best Score? Go Orange.
Jacqueline Wilson Closing Line Stats
Can you pick the Jacqueline Wilson Closing Line?
By
SideshowJazz1
10m
31 Questions
228 Plays
228 Plays
228 Plays
Comments
Comments
Give Quiz Kudos
Give Quiz Kudos
-
- Ratings
hide this ad
More Info
Forced Order
Answers have to be entered in order
Answers have to be entered in order
Replay
Link that replays current quiz
Next Quiz
Link to next quiz in quiz playlist
You Got
0%
They Got
Avg Score
50%
Avg Friend Score
Upgrade to see
Score Distribution
Jump to the score distribution portion of the page
Score
0/31
Timer
10:00
0
Plays Today
% Correct
Double Act
88.6%
Rent-A-Bridesmaid
87.7%
The Illustrated Mum
83.8%
The Longest Whale Song
80.7%
The Worst Thing About My Sister
78.9%
The Butterfly Club
68.9%
Queenie
68%
Vicky Angel
67.5%
The Suitcase Kid
61.8%
Diamond
58.8%
Wave Me Goodbye
58.7%
Sapphire Battersea
53.9%
Midnight
53.1%
Clover Moon
48.7%
Four Children and It
48.7%
Glubbslyme
47.4%
% Correct
Opal Plumstead
45.2%
The Bed and Breakfast Star
42.5%
The Werepuppy
42.1%
Emerald Star
41.7%
The Lottie Project
39.9%
Bad Girls
39%
Lola Rose
36.2%
Secrets
34.2%
Katy
32.9%
Hetty Feather
31.6%
Starring Tracy Beaker
30.3%
Love Lessons
28.9%
Rose Rivers
27.1%
The Story of Tracy Beaker
23.7%
Little Stars
23.7%
Quiz Playlist
Details
Report
Send in Message
Add To Playlist
More Info:
Click the book title that had this as the last line of the book.
Clickable:
Select answers by clicking on text or image buttons
Forced Order:
Answers have to be entered in order
Last Updated: Aug 19, 2017
Quiz Scoreboard
CHALLENGE
Sign Up to Join the Scoreboard
Show All
Scores
Hide
Comments
May contain spoilers
Recently Published
Two Season TV Shows II
by 123Four
Television
10m
Image Sorting: Flags VI
by Barbecue
Geography
2m
Find the 'City' Movie
by crazypaving
Movies
60s
More to Explore
Quiz From the Vault
Featured Blog Post
14 Easter Pick-up Lines to Find Eggs With
hide this ad
You Might Also Like...
Tags
Book Quiz
Children's Books Quiz
Quote Quiz
By Quote
Jacqueline Wilson
Today's Top Quizzes in Literature
Browse Literature
hide this ad
Today's Top Quizzes in Quote
Browse Quote
Top Contributed Quizzes in Literature
1
Sneaky Slytherin Logic Puzzle
2
Harry Potter logic puzzle: The Hogwarts Soap Opera
3
Get The Picture: Black or White Literature
4
'Middle' Earth
5
Harry Potter Slytherin Logic Puzzle
6
ASOIAF Siblings Logic Puzzle
7
Logic Puzzle: Avoid Dumbledore's Army
8
The Men of ASOIAF - Logic Puzzle (Hard)
9
A Song of Ice and Fire Logic Puzzle
10
Quick Pick: Easter in Book Titles
Explore More
Trending Topics
Marvel
Kpop
NBA
Harry Potter
Disney
Anime
Crossword
NFL
Song
Country
The Office
Pokémon
WWE
Soccer
Puzzle
hide this ad
More By:
SideshowJazz1
Quiz
Plays
Rating
Category
Featured
Created
Guess The Taylor Swift Song
4,513
4.33
Music
Feb 25, 2015
Total Drama World Tour - Song Line Match
3,246
4.67
Television
Nov 30, 2014
Total Drama - Character's First Line
2,240
5.00
Television
Mar 23, 2015
Total Drama World Tour - Choose The Song
2,212
5.00
Television
Sep 22, 2014
Total Drama World Tour - Choose The Lyric
1,732
4.00
Television
Nov 20, 2014
Go to Creator's Profile
Score Distribution
Quiz Creator Spotlight
SideshowJazz1
Follow
Send a Message
Quizzes Created
-
Created Quiz Play Count
-
More By This Creator
Popular Quizzes Today
1
Colored Red Africa Blitz
2
Find the US States - No Outlines Minefield
3
Find the 'City' Movie
4
5x2 Blitz: Bands
5
The Countries of the World
6
Find the US States
7
Find the Countries of Europe - No Outlines Minefield
8
US States
More Literature Quizzes
Anatomy of Shakespeare
Published
Trending Quizzes
Colored Red Europe Blitz I
Colored Red Africa Blitz II
Colored Red Europe Blitz II
Colored Red Africa Blitz III
Colored Red Europe Blitz III
Recently Updated
How Do You Spell That?
pecheneg
Godzilla Movies
pecheneg
Grab Bag: 4-10 Letters
pecheneg
2024 March Madness Bracket
pecheneg
Famous TV Couples
Peacemaker
Champions League XIs: Real Madrid
pecheneg
Largest US Cities 1790-2010
pecheneg
Rides in Walt Disney World
pecheneg
Most Oscar Losses (Acting)
pecheneg
Beyoncé Albums
pecheneg
Trending Topics
Crossword
Anime
Marvel
NBA
Harry Potter
Disney
Kpop
WWE
Puzzle
Soccer
NFL
Song
The Office
Pokémon
Country
Your Account Isn't Verified!
In order to create a playlist on Sporcle, you need to verify the email address you used during registration. Go to your
Sporcle Settings
to finish the process.
Report this User
Report this user for behavior that violates our
Community Guidelines
.
Details:
Send Report
Go to the Sporcle.com Mobile Site →
Comments